| 000 | 00356nam a2200145Ia 4500 | ||
|---|---|---|---|
| 008 | 230917s9999||||xx |||||||||||||| ||und|| | ||
| 040 |
_e225 _aMAIN |
||
| 041 | _aEnglish | ||
| 082 | _a668.4236 H17V | ||
| 100 | _aHam, George E, ed. | ||
| 245 | 0 | _aVinyl polymerization | |
| 260 |
_aNew York _bMarcel Dekker _c1969 |
||
| 300 | _axiii, 416 p. | ||
| 942 | _cBK | ||
| 999 |
_c204703 _d204703 |
||